Communicating Data With Tableau: Designing, Developing And Delivering Data Visualizations (Record no. 369334)

MARC details
000 -LEADER
fixed length control field 00300 a2200109 4500
005 - DATE AND TIME OF LATEST TRANSACTION
control field 20251210113222.0
020 ## - INTERNATIONAL STANDARD BOOK NUMBER
International Standard Book Number 9789351106937
100 ## - MAIN ENTRY--PERSONAL NAME
Personal name Jones B.
9 (RLIN) 215770
245 ## - TITLE STATEMENT
Title Communicating Data With Tableau: Designing, Developing And Delivering Data Visualizations
260 ## - PUBLICATION, DISTRIBUTION, ETC. (IMPRINT)
Name of publisher, distributor, etc. SPD
Date of publication, distribution, etc. 2014
942 ## - ADDED ENTRY ELEMENTS (KOHA)
Koha item type Article
Holdings
Withdrawn status Lost status Source of classification or shelving scheme Damaged status Not for loan Home library Current library Date acquired Vendor Cost, normal purchase price Total Checkouts Full call number Barcode Date last seen Cost, replacement price Bill Date Koha item type
    Dewey Decimal Classification     Cummins College of Engineering for Women Pune Cummins College of Engineering for Women Pune 11/12/2025 149 940.00   006.4 JON CCEP-BK-70005 11/12/2025 1175.00 11/12/2025 Books